| 000 | 00805nam a22001937a 4500 | ||
|---|---|---|---|
| 005 | 20220517084524.0 | ||
| 008 | 220314b sp ||||| |||| 00| 0 spa d | ||
| 020 | _a8423308987 | ||
| 050 | 0 | 4 |
_aQ125 _bH57 1972 |
| 245 | 0 | 0 |
_aHistoria general de las ciencias _c/ dirección de René Taton |
| 250 | _a1a ed. | ||
| 260 |
_aEspaña : _bEdiciones destino, _c1975 |
||
| 300 |
_aV. : _bil. ; _c23 cm. |
||
| 500 | _aIncluye índice | ||
| 505 | 1 |
_tV. 1 -- La ciencia antigua y medieval (de los orígenes a 1450) _tV. 2 -- La ciencia moderna (de 1450 a 1800) _tV.3.. La ciencia contemporánea I el siglo XIX _tV. 4 -- La ciencia contemporánea II, el siglo XX _tV. 5 -- La ciencia contemporánea II, el siglo XX |
|
| 650 | 7 |
_2lemb _aCiencia _xHistoria |
|
| 700 | 1 |
_aTaton, René _eprologuista |
|
| 942 |
_2lcc _cLIB |
||
| 999 |
_c161015 _d161013 |
||